000 00664nam a2200205Ia 4500
003 GCL
008 140319s9999 xx 000 0 ara d
040 _aGCL /
_cGCL
082 0 4 _a862.008
_bب د
100 1 _aلطفى عبدالبديع
245 1 0 _aدنيا المصالح : مسرحية اسبانية فى فصلين /
_cلطفى عبدالبديع
700 1 _aبنفنتى، حسنتو
700 1 _aحسين مؤنس
300 _a106 ص
490 _aالالف كتاب
_v0
650 0 4 _aالادب
650 0 4 _aالادب الاسبانى المترجم
650 0 4 _aالمسرحيات الاسبانية المترجمة
942 _2ddc
_cBK
999 _c44889
_d44889